[Event "Third Saturday 66 GM"]
[Site "Novi Sad SRB"]
[Date "2018.02.14"]
[Round "6.3"]
[White "Runic, Zoran"]
[Black "Yang, Kaiqi"]
[Result "0-1"]
[WhiteElo "2378"]
[BlackElo "2430"]
[PlyCount "72"]
[EventDate "2018.02.11"]
[EventType "tourn"]
[EventRounds "9"]
[EventCountry "YUG"]
[EventCategory "6"]
[Source "ChessMix"]
[SourceDate "2018.03.10"]

1. e4 e5 2. Nf3 Nc6 3. Bb5 Nf6 4. d3 Bc5 5. O-O d6 6. Be3 Bb6 7. a4 O-O 8. Bxc6
bxc6 9. a5 Bxe3 10. fxe3 Qe7 11. Qd2 c5 12. Nc3 Be6 13. b3 Nd7 14. h3 c6 15.
Rae1 Rab8 16. d4 cxd4 17. exd4 exd4 18. Qxd4 c5 19. Qd2 Ne5 20. Nd5 Bxd5 21.
Qxd5 Qc7 22. Nxe5 dxe5 23. Rf5 Rfe8 24. Ref1 Re7 25. R1f3 g6 26. Rf6 Rd8 27.
Qc4 Rd4 28. Qb5 Rxe4 29. Rc6 Qd7 30. Qxc5 Rd4 31. Rff6 Rd1+ 32. Kh2 e4 33. Rc8+
Kg7 34. Rfc6 Qd2 35. Kg3 Rf1 36. Kh4 Qh6+ 0-1

[Event "Third Saturday 66 GM"]
[Site "Novi Sad SRB"]
[Date "2018.02.15"]
[Round "7.3"]
[White "Yang, Kaiqi"]
[Black "Srinath, Rao SV"]
[Result "1-0"]
[WhiteElo "2430"]
[BlackElo "2278"]
[PlyCount "69"]
[EventDate "2018.02.11"]
[EventType "tourn"]
[EventRounds "9"]
[EventCountry "YUG"]
[EventCategory "6"]
[Source "ChessMix"]
[SourceDate "2018.03.10"]

1. c4 e5 2. Nc3 Nc6 3. Nf3 Nf6 4. g3 Bb4 5. Bg2 O-O 6. O-O d6 7. d3 h6 8. Nd5
a5 9. Nxb4 axb4 10. b3 Be6 11. Bb2 Qd7 12. d4 e4 13. d5 exf3 14. exf3 Nh7 15.
dxe6 Qxe6 16. Re1 Qf5 17. f4 Rfe8 18. Rxe8+ Rxe8 19. Qd2 Nf6 20. Re1 Ra8 21.
Ba1 h5 22. h3 Nd7 23. Kh2 Nc5 24. Bf3 h4 25. gxh4 Ne6 26. Kg3 Ra5 27. h5 Nc5
28. Qb2 Ne5 29. Qd4 Rxa2 30. fxe5 Nxb3 31. Qh4 Nc5 32. exd6 cxd6 33. h6 Qg6+
34. Kh2 Qxh6 35. Re8+ 1-0

[Event "Third Saturday 66 GM"]
[Site "Novi Sad SRB"]
[Date "2018.02.15"]
[Round "8.4"]
[White "Daneshvar, Bardiya"]
[Black "Yang, Kaiqi"]
[Result "1/2-1/2"]
[WhiteElo "2398"]
[BlackElo "2430"]
[PlyCount "93"]
[EventDate "2018.02.11"]
[EventType "tourn"]
[EventRounds "9"]
[EventCountry "YUG"]
[EventCategory "6"]
[Source "ChessMix"]
[SourceDate "2018.03.10"]

1. d4 Nf6 2. c4 g6 3. Nc3 d5 4. Nf3 Bg7 5. h4 c6 6. Bg5 h6 7. Bxf6 Bxf6 8. e3
e6 9. Qc2 Nd7 10. O-O-O Qa5 11. Kb1 Bg7 12. Bd3 O-O 13. Ne2 dxc4 14. Bxc4 c5
15. h5 g5 16. Bd3 cxd4 17. exd4 Nb6 18. Qd2 Qxd2 19. Rxd2 Bd7 20. Nc3 Rfd8 21.
Rhd1 Rac8 22. Ne5 Be8 23. Bb5 Bxb5 24. Nxb5 a6 25. Nc3 Nd5 26. Ne4 f5 27. Ng3
Nf4 28. Ng6 Nd5 29. Re1 Kf7 30. a3 Rc4 31. Ne2 Rd6 32. Red1 b5 33. Ne5+ Bxe5
34. dxe5 Rd8 35. Rd4 Rdc8 36. R1d2 R8c7 37. g3 Ke7 38. Ka2 g4 39. Kb3 a5 40.
Rxc4 Rxc4 41. Nd4 a4+ 42. Ka2 Rc5 43. b4 Nc3+ 44. Kb2 Rc4 45. f3 gxf3 46. Nxf3
Ne4 47. Rg2 1/2-1/2

[Event "Third Saturday 66 GM"]
[Site "Novi Sad SRB"]
[Date "2018.02.16"]
[Round "9.2"]
[White "Yang, Kaiqi"]
[Black "Drazic, Sinisa"]
[Result "1-0"]
[WhiteElo "2430"]
[BlackElo "2411"]
[PlyCount "63"]
[EventDate "2018.02.11"]
[EventType "tourn"]
[EventRounds "9"]
[EventCountry "YUG"]
[EventCategory "6"]
[Source "ChessMix"]
[SourceDate "2018.03.10"]

1. e4 c5 2. Nf3 Nc6 3. Nc3 b6 4. d4 cxd4 5. Nxd4 Bb7 6. Bc4 e6 7. O-O a6 8. Re1
Qc7 9. Nxc6 Bxc6 10. a4 Be7 11. Qd3 Qb7 12. Bf4 Nf6 13. f3 h6 14. Bd6 Bxd6 15.
Qxd6 Rb8 16. Bxa6 Qa8 17. Bb5 Rc8 18. e5 Nh7 19. Red1 Qa7 20. Qb4 f5 21. Rd4
Kf7 22. Rad1 Rc7 23. Rd6 Rhc8 24. Qf4 g5 25. Qd4 Nf8 26. h4 Ng6 27. hxg5 hxg5
28. Bxc6 dxc6 29. Rxe6 b5 30. Rf6+ Kg7 31. Rxf5 bxa4 32. Rxg5 1-0

[Event "Third Saturday 64"]
[Site "Novi Sad SRB"]
[Date "2018.02.05"]
[Round "1.3"]
[White "Yang, Kaiqi"]
[Black "Pucovski, Miroslav"]
[Result "1-0"]
[WhiteElo "2430"]
[BlackElo "2275"]
[PlyCount "113"]
[EventDate "2018.02.05"]
[EventType "swiss"]
[EventRounds "9"]
[EventCountry "YUG"]
[Source "ChessMix"]
[SourceDate "2018.03.10"]

1. e4 c5 2. Nf3 Nc6 3. Bb5 e6 4. O-O Nge7 5. Re1 a6 6. Bf1 d5 7. exd5 Nxd5 8.
d4 Be7 9. c4 Nf6 10. Be3 O-O 11. Nc3 cxd4 12. Nxd4 Qc7 13. Qf3 Bd7 14. Rad1
Nxd4 15. Bxd4 Bc6 16. Qh3 Rfd8 17. Rd3 Qf4 18. Red1 Qc7 19. Be2 b5 20. cxb5
axb5 21. a3 Qb7 22. Bf3 Bxf3 23. Qxf3 Qxf3 24. Rxf3 b4 25. axb4 Bxb4 26. Bxf6
Rxd1+ 27. Nxd1 Ra1 28. Rd3 gxf6 29. g4 Rc1 30. Kg2 Rc2 31. b3 Be1 32. Rf3 Kg7
33. Ne3 Ra2 34. Nf1 Rc2 35. Rf4 Rb2 36. Rf3 Rc2 37. Ne3 Rc1 38. Nc4 Bc3 39. Rd3
Rc2 40. Ne3 Rc1 41. Rd1 Rxd1 42. Nxd1 Bd4 43. b4 Kf8 44. Kf3 Ke7 45. Ke4 Bb6
46. f4 Kd7 47. Nc3 Bf2 48. Kd3 Bg1 49. h3 f5 50. gxf5 exf5 51. Ne2 Bb6 52. Kc4
Be3 53. Kd5 f6 54. b5 Bb6 55. Ng3 Be3 56. Nh5 Bxf4 57. Nxf4 1-0

[Event "Third Saturday 64"]
[Site "Novi Sad SRB"]
[Date "2018.02.06"]
[Round "2.2"]
[White "Sredojevic, Ivan"]
[Black "Yang, Kaiqi"]
[Result "0-1"]
[WhiteElo "2351"]
[BlackElo "2430"]
[PlyCount "140"]
[EventDate "2018.02.05"]
[EventType "swiss"]
[EventRounds "9"]
[EventCountry "YUG"]
[Source "ChessMix"]
[SourceDate "2018.03.10"]

1. e4 e5 2. Nf3 Nc6 3. Bb5 a6 4. Ba4 Nf6 5. O-O b5 6. Bb3 Bb7 7. d3 Be7 8. a4
O-O 9. Nc3 b4 10. Ne2 d5 11. exd5 Nxd5 12. a5 Qd7 13. Re1 Bc5 14. Ng3 Rae8 15.
Ng5 Nd4 16. Ba4 Bc6 17. N5e4 Ba7 18. c3 Ne6 19. Bxc6 Qxc6 20. Nf5 Nef4 21. g3
Ng6 22. Qh5 Nf6 23. Nxf6+ Qxf6 24. cxb4 Ne7 25. Nxe7+ Qxe7 26. Bd2 Qd6 27. Bc3
f6 28. Rad1 Rd8 29. Qg4 Bd4 30. Rc1 Rf7 31. Rc2 Ba7 32. Qe4 Qd5 33. Rec1 Qxd3
34. Qxd3 Rxd3 35. Be1 Bd4 36. Rc6 Bxb2 37. Rb1 Bd4 38. Rxa6 g5 39. b5 g4 40.
Rc6 Ra3 41. a6 f5 42. Bd2 Ra2 43. Be3 Bxe3 44. fxe3 Rd7 45. Rf1 Rdd2 46. Rh6
Kg7 47. Rh4 Rdb2 48. e4 Rxb5 49. exf5 Rxa6 50. Rxg4+ Kf6 51. Rh4 Kg7 52. Rc4 c5
53. Rg4+ Kf6 54. Rh4 Kg7 55. Re1 Rb2 56. Rf1 Rc2 57. Rg4+ Kf7 58. Rh4 h6 59.
Re4 Raa2 60. Rh4 e4 61. Rxh6 e3 62. Kh1 Rf2 63. Kg1 Rg2+ 64. Kh1 Rgf2 65. Kg1
Rg2+ 66. Kh1 c4 67. g4 Rxg4 68. f6 Rf2 69. Ra1 e2 70. Ra7+ Ke6 0-1

[Event "Third Saturday 64"]
[Site "Novi Sad SRB"]
[Date "2018.02.06"]
[Round "3.1"]
[White "Markovic, Miroslav"]
[Black "Yang, Kaiqi"]
[Result "1/2-1/2"]
[WhiteElo "2441"]
[BlackElo "2430"]
[PlyCount "87"]
[EventDate "2018.02.05"]
[EventType "swiss"]
[EventRounds "9"]
[EventCountry "YUG"]
[Source "ChessMix"]
[SourceDate "2018.03.10"]

1. Nf3 Nf6 2. g3 g6 3. Bg2 Bg7 4. O-O O-O 5. d4 d5 6. b3 c5 7. Bb2 cxd4 8. Nxd4
e5 9. Nb5 a6 10. N5a3 Nc6 11. c4 d4 12. Nd2 Bf5 13. c5 Qe7 14. Nac4 e4 15. Nd6
e3 16. Nxf5 gxf5 17. Nc4 Ng4 18. fxe3 Nxe3 19. Nxe3 Qxe3+ 20. Rf2 Rad8 21. Bxc6
bxc6 22. Qd3 Rd5 23. Bc1 Qxd3 24. exd3 Re8 25. Ba3 Bf8 26. b4 a5 27. Rc2 axb4
28. Bxb4 Rb8 29. Rc4 Rd7 30. Rf1 Ra8 31. a3 Rd5 32. Re1 Kg7 33. Kf2 Kf6 34. Kf3
Bh6 35. Rc2 Be3 36. Rg2 h5 37. Ke2 Rad8 38. Rf1 Rg8 39. Kf3 Ke5 40. Re2 Kf6 41.
Ra2 Rb8 42. Rb2 Re8 43. Kg2 Rg8 44. Kf3 1/2-1/2

[Event "Third Saturday 64"]
[Site "Novi Sad SRB"]
[Date "2018.02.07"]
[Round "4.1"]
[White "Yang, Kaiqi"]
[Black "Chakravarthi Reddy, M."]
[Result "1-0"]
[WhiteElo "2430"]
[BlackElo "2380"]
[PlyCount "33"]
[EventDate "2018.02.05"]
[EventType "swiss"]
[EventRounds "9"]
[EventCountry "YUG"]
[Source "ChessMix"]
[SourceDate "2018.03.10"]

1. Nf3 d5 2. g3 g6 3. Bg2 Bg7 4. c4 dxc4 5. Qa4+ Nc6 6. O-O Nf6 7. Ne5 O-O 8.
Nxc6 bxc6 9. Na3 Be6 10. Qxc6 Rb8 11. Nxc4 Nd5 12. d3 Nb6 13. Na5 Bd5 14. Bxd5
Qxd5 15. Bd2 Bxb2 16. Rab1 Bf6 17. Rxb6 1-0

[Event "Third Saturday 64"]
[Site "Novi Sad SRB"]
[Date "2018.02.07"]
[Round "5.1"]
[White "Popchev, Milko"]
[Black "Yang, Kaiqi"]
[Result "1/2-1/2"]
[WhiteElo "2276"]
[BlackElo "2430"]
[PlyCount "139"]
[EventDate "2018.02.05"]
[EventType "swiss"]
[EventRounds "9"]
[EventCountry "YUG"]
[Source "ChessMix"]
[SourceDate "2018.03.10"]

1. d4 Nf6 2. c3 g6 3. Bg5 Bg7 4. Nd2 O-O 5. e4 d6 6. Ngf3 c5 7. Bd3 cxd4 8.
Nxd4 Nc6 9. Nxc6 bxc6 10. O-O h6 11. Be3 Ng4 12. Bf4 e5 13. Bg3 f5 14. Be2 Nf6
15. exf5 gxf5 16. f4 e4 17. Bf2 Nd5 18. Bc4 Be6 19. Bxd5 Bxd5 20. Be3 Rf7 21.
Qa4 Qc7 22. Rf2 Rb8 23. Nf1 c5 24. Rd2 Be6 25. Rad1 d5 26. Rxd5 Bxd5 27. Rxd5
Rxb2 28. Rxc5 Qd7 29. Qc4 Bf8 30. Rc6 Kh7 31. Ra6 Rb7 32. Bd4 Rc7 33. Qe2 Bg7
34. Bxg7 Kxg7 35. c4 Rc6 36. Rxc6 Qxc6 37. Ne3 Qc5 38. h3 Qd4 39. Kh2 Qc3 40.
Qf2 Kh7 41. Qe2 Qd4 42. Qe1 Qc5 43. Qc1 Kg6 44. Qe1 Kh7 45. Qc1 Kg6 46. Qe1 Qd4
47. Qf2 Kh7 48. Qe1 Qc5 49. Qc3 Kg6 50. Nd5 Kh7 51. Nf6+ Kg6 52. Nd5 Kh7 53.
Qe5 Qxc4 54. Qe6 Kg7 55. Qe5+ Kh7 56. Qe6 Kg7 57. Qe5+ Kg8 58. Qe8+ Kg7 59.
Qe5+ Kg8 60. Qe8+ Kg7 61. Qe5+ Kh7 62. Qe6 Kg7 63. Qe5+ Kg6 64. Qd6+ Kg7 65.
Qe5+ Kg8 66. Qe6 Kg7 67. Qe5+ Kg8 68. Qe8+ Kg7 69. Qe5+ Kg8 70. Qe6 1/2-1/2

[Event "Third Saturday 64"]
[Site "Novi Sad SRB"]
[Date "2018.02.08"]
[Round "6.1"]
[White "Yang, Kaiqi"]
[Black "Drazic, Sinisa"]
[Result "1/2-1/2"]
[WhiteElo "2430"]
[BlackElo "2411"]
[PlyCount "140"]
[EventDate "2018.02.05"]
[EventType "swiss"]
[EventRounds "9"]
[EventCountry "YUG"]
[Source "ChessMix"]
[SourceDate "2018.03.10"]

1. e4 c6 2. d4 d5 3. e5 Bf5 4. Nf3 e6 5. Be2 Nd7 6. O-O a6 7. Nbd2 Ne7 8. Nb3
Ng6 9. Be3 Bg4 10. h3 Bxf3 11. Bxf3 Be7 12. Bg4 c5 13. c3 cxd4 14. cxd4 Qb6 15.
Rc1 O-O 16. Qc2 Bd8 17. Be2 Ne7 18. Bd3 Kh8 19. Qe2 Nc6 20. Bb1 Be7 21. Rc3
Rac8 22. Rfc1 g6 23. h4 Bxh4 24. Bh6 Rg8 25. g3 Be7 26. Kg2 Rce8 27. Qg4 a5 28.
a4 Qb4 29. Rh1 Rg7 30. Qf4 Reg8 31. g4 f5 32. exf6 Nxf6 33. Bxg7+ Rxg7 34. Qe3
e5 35. dxe5 Nxg4 36. Qf3 Ngxe5 37. Qxd5 Qxa4 38. Be4 Qb4 39. f4 Ng4 40. Qe6 Nf6
41. Bxc6 bxc6 42. Qc4 Qb8 43. Nxa5 Nd5 44. Rb3 Nxf4+ 45. Kf3 Qd6 46. Qxf4 Qd5+
47. Ke2 Bd6 48. Qh4 Qxa5 49. Qf6 Qd5 50. Qd8+ Qg8 51. Qxg8+ Kxg8 52. Rb6 Re7+
53. Kf3 Rf7+ 54. Ke4 Re7+ 55. Kf3 Rf7+ 56. Ke4 Rf4+ 57. Kd3 Rb4 58. Rxc6 Be5
59. Re1 Bxb2 60. Re7 Rb8 61. Ke4 Ba3 62. Ra7 Re8+ 63. Kd5 Be7 64. Rcc7 Kf7 65.
Ke5 h5 66. Ra6 h4 67. Rf6+ Kg7 68. Re6 Kf7 69. Rf6+ Kg7 70. Re6 Kf7 1/2-1/2

[Event "Third Saturday 64"]
[Site "Novi Sad SRB"]
[Date "2018.02.09"]
[Round "7.2"]
[White "Srinath, Rao SV"]
[Black "Yang, Kaiqi"]
[Result "1/2-1/2"]
[WhiteElo "2278"]
[BlackElo "2430"]
[PlyCount "77"]
[EventDate "2018.02.05"]
[EventType "swiss"]
[EventRounds "9"]
[EventCountry "YUG"]
[Source "ChessMix"]
[SourceDate "2018.03.10"]

1. e4 e5 2. Nf3 Nc6 3. Bc4 Nf6 4. d3 Be7 5. O-O O-O 6. Re1 d6 7. a4 Kh8 8. a5
a6 9. c3 Ng8 10. d4 f5 11. dxe5 fxe4 12. Rxe4 Bf5 13. Re1 dxe5 14. Qxd8 Raxd8
15. Ng5 Bxg5 16. Bxg5 Nf6 17. b4 h6 18. Be3 Bd3 19. Bb3 Ne4 20. Rc1 Ne7 21. Nd2
Nxd2 22. Bxd2 Bc4 23. Bg5 hxg5 24. Bxc4 Rd2 25. Rf1 Nf5 26. Rad1 Rfd8 27. Rde1
Nd6 28. Be6 e4 29. Re3 g6 30. f3 Re8 31. Bb3 Kg7 32. fxe4 Rb2 33. Bd1 Rxe4 34.
Rxe4 Nxe4 35. Bf3 Nxc3 36. Bxb7 Rxb4 37. Bxa6 Ra4 38. Rc1 Rxa5 39. Rxc3 1/2-1/2

[Event "Third Saturday 64"]
[Site "Novi Sad SRB"]
[Date "2018.02.09"]
[Round "8.2"]
[White "Yang, Kaiqi"]
[Black "Lajthajm, Borko"]
[Result "1-0"]
[WhiteElo "2430"]
[BlackElo "2432"]
[PlyCount "89"]
[EventDate "2018.02.05"]
[EventType "swiss"]
[EventRounds "9"]
[EventCountry "YUG"]
[Source "ChessMix"]
[SourceDate "2018.03.10"]

1. Nf3 Nf6 2. g3 b6 3. Bg2 Bb7 4. c4 e6 5. Nc3 Bb4 6. O-O O-O 7. d3 Bxc3 8.
bxc3 d6 9. e4 Nc6 10. Nh4 Ne7 11. f4 Ng6 12. Nf3 Nd7 13. h4 Ne7 14. h5 h6 15.
Qe2 Nc5 16. Be3 Qd7 17. Rab1 Rab8 18. Bd4 Nc6 19. Nh4 Qe7 20. Be3 Rbe8 21. f5
Nd7 22. Bh3 Qd8 23. Rf2 Nce5 24. Rbf1 Nf6 25. fxe6 fxe6 26. d4 Ned7 27. Ng6
Bxe4 28. Nxf8 Kxf8 29. Bxh6 Bf5 30. g4 gxh6 31. gxf5 e5 32. Qd2 Ke7 33. Qxh6
Rf8 34. Rg2 Rf7 35. Rg6 Qe8 36. Bg2 Kd8 37. Qg5 Qe7 38. Bc6 Nf8 39. h6 N8h7 40.
Qe3 Nf8 41. Rg2 N8h7 42. Re1 Nd7 43. Bxd7 Qxd7 44. dxe5 dxe5 45. Rd2 1-0

[Event "Third Saturday 64"]
[Site "Novi Sad SRB"]
[Date "2018.02.10"]
[Round "9.2"]
[White "Yang, Kaiqi"]
[Black "Rogac, Srdjan"]
[Result "1-0"]
[WhiteElo "2430"]
[BlackElo "2345"]
[PlyCount "61"]
[EventDate "2018.02.05"]
[EventType "swiss"]
[EventRounds "9"]
[EventCountry "YUG"]
[Source "ChessMix"]
[SourceDate "2018.03.10"]

1. c4 e5 2. Nc3 Nc6 3. Nf3 Nf6 4. g3 Nd4 5. Bg2 Nxf3+ 6. Bxf3 Bc5 7. d3 h6 8.
a3 a5 9. Rb1 c6 10. e3 d6 11. b4 axb4 12. axb4 Bb6 13. O-O O-O 14. b5 c5 15.
Bg2 Bg4 16. f3 Be6 17. f4 exf4 18. gxf4 Bg4 19. Qe1 Qd7 20. Qg3 Ba5 21. Bb2 Nh5
22. Qf2 Bxc3 23. Bxc3 Bh3 24. f5 Bxg2 25. Qxg2 Kh7 26. Rf3 d5 27. Qh3 Nf6 28.
Kh1 dxc4 29. Bxf6 Qxd3 30. Rg1 gxf6 31. Qxh6+ 1-0

[Event "Third Saturday GM 60"]
[Site "Novi Sad SRB"]
[Date "2018.01.20"]
[Round "1.4"]
[White "Yang, Kaiqi"]
[Black "Vardan, Nagpal"]
[Result "1/2-1/2"]
[WhiteElo "2430"]
[BlackElo "2446"]
[PlyCount "46"]
[EventDate "2018.01.20"]
[EventType "tourn"]
[EventRounds "9"]
[EventCountry "YUG"]
[EventCategory "6"]
[Source "Chess Mix"]
[SourceDate "2018.02.01"]

1. Nf3 d5 2. g3 c6 3. Bg2 Bg4 4. h3 Bh5 5. O-O Nf6 6. d3 Nbd7 7. Qe1 e5 8. e4
dxe4 9. dxe4 Bc5 10. a4 O-O 11. Na3 Qc7 12. b4 Be7 13. Bd2 Rfd8 14. Nh4 Ne8 15.
Nf5 Bf8 16. Nc4 f6 17. Kh1 Bf7 18. Qe2 Nb6 19. Nb2 Nd6 20. Nxd6 Qxd6 21. Rfd1
Qe6 22. Bf1 Nc8 23. Be1 Nd6 1/2-1/2

[Event "Third Saturday GM 60"]
[Site "Novi Sad SRB"]
[Date "2018.01.21"]
[Round "2.3"]
[White "Sapale, Saloni"]
[Black "Yang, Kaiqi"]
[Result "1-0"]
[WhiteElo "2308"]
[BlackElo "2430"]
[PlyCount "95"]
[EventDate "2018.01.20"]
[EventType "tourn"]
[EventRounds "9"]
[EventCountry "YUG"]
[EventCategory "6"]
[Source "Chess Mix"]
[SourceDate "2018.02.01"]

1. e4 e5 2. Nf3 Nc6 3. Bb5 a6 4. Ba4 Nf6 5. O-O b5 6. Bb3 Bb7 7. d3 Be7 8. Nc3
O-O 9. a3 d6 10. Nd5 Nxd5 11. Bxd5 Qc8 12. Ng5 Nd8 13. Ba2 Bxg5 14. Bxg5 Ne6
15. Bd2 Qd7 16. f4 exf4 17. Bxf4 d5 18. Qg4 Rad8 19. Be5 Kh8 20. Rae1 c5 21.
exd5 Bxd5 22. Bxd5 Qxd5 23. Re3 Rde8 24. Rf5 Qa2 25. Bd6 Rg8 26. Rxf7 Qd5 27.
Be5 c4 28. d4 a5 29. Rg3 Ng5 30. Rxg7 Rxg7 31. Bxg7+ Kxg7 32. Qxg5+ Qxg5 33.
Rxg5+ Kf6 34. Rxb5 Re2 35. c3 a4 36. Rb4 Kf5 37. Rxa4 Rxb2 38. Rxc4 Ke4 39. Rc7
h5 40. h3 Ra2 41. Rh7 Rxa3 42. Rxh5 Rxc3 43. Rh4+ Ke3 44. Rg4 Rc1+ 45. Kh2 Kf2
46. h4 Ra1 47. Rf4+ Ke3 48. g3 1-0

[Event "Third Saturday GM 60"]
[Site "Novi Sad SRB"]
[Date "2018.01.21"]
[Round "3.3"]
[White "Yang, Kaiqi"]
[Black "Markovic, Miroslav"]
[Result "1-0"]
[WhiteElo "2430"]
[BlackElo "2448"]
[PlyCount "117"]
[EventDate "2018.01.20"]
[EventType "tourn"]
[EventRounds "9"]
[EventCountry "YUG"]
[EventCategory "6"]
[Source "Chess Mix"]
[SourceDate "2018.02.01"]

1. e4 c6 2. d4 d5 3. e5 c5 4. dxc5 e6 5. Be3 Nd7 6. Bb5 Qc7 7. Nf3 Bxc5 8. Bxc5
Qxc5 9. c4 Ne7 10. Nc3 O-O 11. Rc1 Ng6 12. Bxd7 Bxd7 13. cxd5 Rad8 14. O-O Bc6
15. Re1 Bxd5 16. Nxd5 Qxd5 17. Qxd5 Rxd5 18. Rc7 Rb5 19. b3 Rd8 20. g3 h6 21.
Re3 Kf8 22. Re4 Ne7 23. h4 Rc8 24. Rec4 Rxc7 25. Rxc7 a5 26. Nd4 Rb4 27. Nc2
Rb6 28. Ne3 a4 29. bxa4 Rb4 30. a5 Ke8 31. Nc4 Kd8 32. Rc5 f6 33. a3 Rb1+ 34.
Kg2 Rb3 35. a4 Rb4 36. Nd6 Rxa4 37. Nxb7+ Kd7 38. exf6 gxf6 39. Rh5 Kc6 40.
Rxh6 Nd5 41. Rh7 f5 42. Rf7 Ra2 43. Kg1 Ra1+ 44. Kg2 Ra2 45. h5 Ne3+ 46. Kf3
Ng4 47. Kf4 Rxf2+ 48. Kg5 Ne5 49. Re7 Kd5 50. Nd8 Rg2 51. Rxe6 Rxg3+ 52. Kf6
Nd7+ 53. Ke7 Ne5 54. h6 f4 55. a6 Rc3 56. Kf6 Nd7+ 57. Kg7 Rg3+ 58. Kf7 f3 59.
a7 1-0

[Event "Third Saturday GM 60"]
[Site "Novi Sad SRB"]
[Date "2018.01.22"]
[Round "4.4"]
[White "Lajthajm, Borko"]
[Black "Yang, Kaiqi"]
[Result "1-0"]
[WhiteElo "2437"]
[BlackElo "2430"]
[PlyCount "139"]
[EventDate "2018.01.20"]
[EventType "tourn"]
[EventRounds "9"]
[EventCountry "YUG"]
[EventCategory "6"]
[Source "Chess Mix"]
[SourceDate "2018.02.01"]

1. d4 Nf6 2. c4 g6 3. Nc3 d5 4. Bg5 Ne4 5. Bh4 Nxc3 6. bxc3 dxc4 7. Qa4+ Qd7 8.
Qxc4 b6 9. Nf3 Ba6 10. Qb3 Bg7 11. Qa3 c5 12. Rd1 O-O 13. dxc5 Qc7 14. e3 Qxc5
15. Qxc5 bxc5 16. Bxe7 Bxc3+ 17. Nd2 Rc8 18. Rc1 Bb4 19. Bxa6 Nxa6 20. Ke2 Re8
21. Bf6 Re6 22. Ba1 Bxd2 23. Kxd2 Rd8+ 24. Ke2 Red6 25. Bc3 Nb4 26. Ra1 f5 27.
a3 Nd5 28. Ba5 Re8 29. Kf3 Ra6 30. Bd2 Nf6 31. Rhc1 Ne4 32. Be1 Rb8 33. Rc2 Ra4
34. Ke2 c4 35. f3 Nc5 36. Bc3 Rb3 37. Bd4 Nd3 38. Bc3 Kf7 39. Kd2 a6 40. Rca2
Ke6 41. Kc2 g5 42. h3 f4 43. e4 h5 44. Rb1 Rb5 45. Raa1 g4 46. hxg4 hxg4 47.
fxg4 Rg5 48. Rb6+ Kd7 49. Rb7+ Kc6 50. Rg7 Rxg7 51. Bxg7 Ra5 52. Bf6 Nf2 53.
Rf1 Nxg4 54. Rxf4 Ne3+ 55. Kd2 Nxg2 56. Rf3 Rh5 57. Rf2 Nh4 58. Kc3 Ng6 59.
Kxc4 Rc5+ 60. Kd3 Ne5+ 61. Bxe5 Rxe5 62. Rf6+ Kb7 63. Rf5 Re8 64. e5 Kc6 65.
Ke4 Rh8 66. Rf6+ Kb5 67. Kd5 Rh3 68. a4+ Kxa4 69. Rxa6+ Kb5 70. Rd6 1-0

[Event "Third Saturday GM 60"]
[Site "Novi Sad SRB"]
[Date "2018.01.23"]
[Round "5.2"]
[White "Yang, Kaiqi"]
[Black "Drazic, Sinisa"]
[Result "1-0"]
[WhiteElo "2430"]
[BlackElo "2441"]
[PlyCount "67"]
[EventDate "2018.01.20"]
[EventType "tourn"]
[EventRounds "9"]
[EventCountry "YUG"]
[EventCategory "6"]
[Source "Chess Mix"]
[SourceDate "2018.02.01"]

1. e4 e5 2. Nf3 Nc6 3. Bc4 Be7 4. O-O Nf6 5. d3 d6 6. a4 O-O 7. a5 a6 8. h3 h6
9. Re1 Kh8 10. Nc3 Be6 11. Nd5 Qd7 12. c3 Rae8 13. b4 Bd8 14. b5 Nb8 15. bxa6
Nxa6 16. Rb1 c6 17. Bxa6 bxa6 18. Nb6 Bxb6 19. axb6 Qb7 20. d4 Rd8 21. Qa4 exd4
22. cxd4 d5 23. e5 Ne4 24. Qa5 f6 25. Ba3 Rf7 26. Nd2 fxe5 27. Nxe4 dxe4 28.
Qxe5 Bd5 29. Bc5 Kh7 30. Re3 Rf6 31. Qe7 Rd7 32. Qxd7 Qxd7 33. b7 Qf5 34. Rb2
1-0

[Event "Third Saturday GM 60"]
[Site "Novi Sad SRB"]
[Date "2018.01.23"]
[Round "6.5"]
[White "Saptarshi, Roy"]
[Black "Yang, Kaiqi"]
[Result "1-0"]
[WhiteElo "2476"]
[BlackElo "2430"]
[PlyCount "115"]
[EventDate "2018.01.20"]
[EventType "tourn"]
[EventRounds "9"]
[EventCountry "YUG"]
[EventCategory "6"]
[Source "Chess Mix"]
[SourceDate "2018.02.01"]

1. e4 e5 2. Nf3 Nc6 3. Bb5 a6 4. Ba4 Nf6 5. O-O Be7 6. Re1 b5 7. Bb3 d6 8. c3
O-O 9. d4 Bg4 10. d5 Na5 11. Bc2 Qc8 12. h3 Bd7 13. Nbd2 c6 14. dxc6 Bxc6 15.
Nf1 Re8 16. Ng3 g6 17. Bg5 Qe6 18. b3 Bf8 19. Qd2 Nd7 20. Be3 Qe7 21. Red1 Nc5
22. c4 Qc7 23. Rac1 Kh8 24. cxb5 axb5 25. Nh2 b4 26. Ng4 Re6 27. Bh6 Qe7 28.
Kh2 Be8 29. Nf1 Bxh6 30. Nxh6 Rb8 31. Ne3 Qg5 32. Nd5 Qxd2 33. Rxd2 Kg7 34. Ng4
Bc6 35. f3 h5 36. Nge3 Ree8 37. Bd1 Bxd5 38. Rxd5 Red8 39. Be2 Kf8 40. Bf1 Nc6
41. Nc4 Nb7 42. Nxd6 Rxd6 43. Rxd6 Nxd6 44. Rxc6 Ke7 45. Rc7+ Ke6 46. Bc4+ Kf6
47. Bd5 Rb6 48. h4 Kg7 49. Ra7 Kf6 50. a4 bxa3 51. Rxa3 Kg7 52. Ra7 Kf6 53. Rd7
Kg7 54. g3 Kf6 55. f4 exf4 56. gxf4 Kg7 57. e5 Nf5 58. Rxf7+ 1-0

[Event "Third Saturday GM 60"]
[Site "Novi Sad SRB"]
[Date "2018.01.24"]
[Round "7.1"]
[White "Yang, Kaiqi"]
[Black "Rahul, Srivatshav Peddi"]
[Result "0-1"]
[WhiteElo "2430"]
[BlackElo "2317"]
[PlyCount "136"]
[EventDate "2018.01.20"]
[EventType "tourn"]
[EventRounds "9"]
[EventCountry "YUG"]
[EventCategory "6"]
[Source "Chess Mix"]
[SourceDate "2018.02.01"]

1. d4 Nf6 2. Nf3 g6 3. Bg5 Bg7 4. Nbd2 c5 5. Bxf6 Bxf6 6. Ne4 Bxd4 7. Nxd4 cxd4
8. Qxd4 O-O 9. O-O-O Nc6 10. Qd2 Qa5 11. Qxa5 Nxa5 12. h4 d6 13. h5 f5 14. Nc3
Be6 15. e3 Rac8 16. Nd5 Bxd5 17. Rxd5 Nc6 18. Rb5 Rc7 19. f4 Kg7 20. Be2 e6 21.
Rd1 d5 22. Kb1 Ne7 23. c3 Nc8 24. Rb4 Nd6 25. c4 Nxc4 26. Bxc4 dxc4 27. hxg6
hxg6 28. Kc2 Rh8 29. Kc3 Rh2 30. Rxc4 Re7 31. Rd2 Rh1 32. b4 Re1 33. Kd3 Kh6
34. Rd4 e5 35. fxe5 Rxe5 36. Re2 Rd1+ 37. Rd2 Rc1 38. Rd7 Rb5 39. a3 Ra1 40.
Kc4 a6 41. Kb3 Re1 42. Re7 f4 43. e4 Kh5 44. Kc4 Kg4 45. Rd5 Rb6 46. Ree5 Kh4
47. Rc5 Re2 48. Rg5 Rxe4+ 49. Kb3 Re3+ 50. Ka4 Rd6 51. b5 a5 52. Rcd5 Rde6 53.
Kxa5 Rxa3+ 54. Kb4 Rae3 55. Ka5 Ra3+ 56. Kb4 Rg3 57. Rxg3 Kxg3 58. Rg5+ Kh4 59.
Rc5 g5 60. Rc7 b6 61. Rc6 Re2 62. Rxb6 Rxg2 63. Kc3 Rg1 64. Kc2 f3 65. Rf6 Kg3
66. b6 Rh1 67. b7 Rh8 68. Kd2 f2 0-1

[Event "Third Saturday GM 60"]
[Site "Novi Sad SRB"]
[Date "2018.01.24"]
[Round "8.5"]
[White "Yang, Kaiqi"]
[Black "Gajic, Mladen"]
[Result "1-0"]
[WhiteElo "2430"]
[BlackElo "2312"]
[PlyCount "73"]
[EventDate "2018.01.20"]
[EventType "tourn"]
[EventRounds "9"]
[EventCountry "YUG"]
[EventCategory "6"]
[Source "Chess Mix"]
[SourceDate "2018.02.01"]

1. e4 g6 2. d4 Bg7 3. Nf3 d6 4. Nc3 a6 5. a4 b6 6. Bc4 e6 7. O-O Ne7 8. Re1 Nd7
9. Be3 Bb7 10. Qd2 h6 11. h3 g5 12. Nh2 Ng6 13. Nf1 Nf6 14. Ng3 g4 15. hxg4
Nxg4 16. Be2 Qh4 17. Bxg4 Qxg4 18. Qe2 Qxe2 19. Ngxe2 O-O 20. Rad1 Rae8 21. Nf4
Nxf4 22. Bxf4 e5 23. dxe5 dxe5 24. Bg3 f5 25. exf5 Rxf5 26. Nd5 Rf7 27. c4 Bc6
28. b3 a5 29. Re4 Re6 30. Rd3 Bxd5 31. cxd5 Ree7 32. Kf1 Rf8 33. Ke2 Rb8 34. f4
b5 35. axb5 Rxb5 36. fxe5 Kf8 37. e6 1-0